000 00441nam a2200193Ia 4500
005 20240823022738.0
008 240823s9999||||xx |||||||||||||| ||und||
020 _a81-7809-035-X
041 _aENGLISH
082 _A158 N9
100 _a"Landrum,Gene N"
245 0 _aEight keys to Greatness
250 _a1st
260 _c1999
_b"Magna,M"
_aMumbai
500 _aYES
650 _aGeneral
_bGeneral
942 _cBK
999 _c179898
_d179898